000 00513nam a2200193Ia 4500
005 20250508160705.0
008 008 250505s9999 xx 000 0 eng d
037 _aTextBook
040 _aFEDL
_beng
_cFEDL
041 _aeng
_2eng
084 _a407, BRI/R
_qFEDL
100 _aBritton James
_9585210
245 0 _aLanguage and learning
260 _aLondon, UK
_bPenguin Press
_c1970
300 _a295p.
650 _aLanguage learning
942 _cTB
_h407, BRI/R
999 _c1366049
_d1366049